[Event "GRE-chT 49th"]
[Site "Thessaloniki"]
[Date "2022.08.17"]
[Round "7"]
[White "Tounta, Nefeli"]
[Black "Barbageorgopoulou, Despina"]
[Result "1-0"]
[WhiteElo "1290"]
[BlackElo "1735"]
[PlyCount "89"]
[EventDate "2022.08.12"]
[EventType "team-swiss"]
[EventRounds "7"]
[EventCountry "GRE"]
[SourceTitle "EXT 2024"]
[Source "ChessBase"]
[SourceDate "2023.10.10"]
[SourceVersion "1"]
[SourceVersionDate "2023.10.10"]
[SourceQuality "1"]
[WhiteTeam "Livatheias"]
[BlackTeam "Larisas"]
[WhiteTeamCountry "GRE"]
[BlackTeamCountry "GRE"]

1. d4 d5 2. c4 e6 3. Nc3 Nf6 4. cxd5 exd5 5. Nf3 Bb4 6. a3 Be7 7. h3 0-0 8. Bf4 c5 9. Nb5 Na6 10. e3 c4 11. Nc3 Bd7 12. Be2 h6 13. 0-0 Bf5 14. b3 Qa5 15. b4 Qb6 16. Ne5 Rad8 17. Rc1 Ne4 18. Nxe4 Bxe4 19. Bh5 Nc7 20. Qg4 f5 21. Qg6 Qxg6 22. Nxg6 Bd6 23. Bxd6 Rxd6 24. Nxf8 Kxf8 25. a4 Rf6 26. Be2 f4 27. f3 Bg6 28. e4 dxe4 29. fxe4 Bxe4 30. Rxc4 Nd5 31. Rc8+ Kf7 32. Bc4 Kg6 33. Bxd5 Bxd5 34. Re1 f3 35. gxf3 Rxf3 36. Rd8 Rg3+ 37. Kf2 Rg2+ 38. Kf1 Rg5 39. Re5 Bg2+ 40. Kf2 Bxh3 41. Rxg5+ Kxg5 42. Re8 Bd7 43. Re7 Bc6 44. b5 Bd5 45. Re5+ 1-0

[Event "GRE-chT 46th"]
[Site "Rio Achaia"]
[Date "2018.07.14"]
[Round "6.13"]
[White "Stellaki, Alexandra"]
[Black "Tounta, Nefeli"]
[Result "1/2-1/2"]
[WhiteElo "1241"]
[BlackElo "1344"]
[PlyCount "34"]
[EventDate "2018.07.10"]
[EventType "team"]
[EventRounds "7"]
[EventCountry "GRE"]
[SourceTitle "CBM 185 Extra"]
[Source "ChessBase"]
[SourceDate "2018.07.29"]
[SourceVersion "1"]
[SourceVersionDate "2018.07.29"]
[SourceQuality "1"]
[WhiteTeam "Panellinios GA"]
[BlackTeam "Evoiki EV"]
[WhiteTeamCountry "GRE"]
[BlackTeamCountry "GRE"]

1. d4 Nf6 2. Bf4 g6 3. e3 Bg7 4. Nd2 0-0 5. Ngf3 d6 6. c3 Nbd7 7. Be2 c5 8. h3 Qc7 9. 0-0 e5 10. dxe5 Nxe5 11. Nc4 Nxc4 12. Bxc4 Rd8 13. Ng5 Rd7 14. Bb5 Rd8 15. Bc4 Rd7 16. Bb5 Rd8 17. Bc4 Rd7 1/2-1/2